000 00311nam a2200133Ia 4500
008 190216s9999||||xx |||||||||||||| ||und||
100 _aHerbert A Laitinen And Walter E Harris
245 0 _aChemical Analysis
250 _a2nd Ed.
260 _bNull
_c1960
300 _a611
650 _aChemistry
942 _cBK
999 _c2151
_d2151